Pengenalan kepada penulisan ilmiah

Bibliographic Details
Main Author: Mohd. Azhar Abd. Hamid
Format: Book
Published: Johor : Universiti Teknologi Malaysia , 2005
Subjects:

MARC

LEADER 00000cam a2200000 7i4500
001 0000015203
005 20080318.0
008 080318
020 |a 9835202303 
090 0 0 |a 808.066   |b MOH 
100 0 |a Mohd. Azhar Abd. Hamid 
245 1 0 |a Pengenalan kepada penulisan ilmiah   |c Mohd Azhar Abd. Hamid...[et al.] 
260 |a Johor :   |b Universiti Teknologi Malaysia ,   |c 2005 
650 0 |a Academic writing 
650 0 |a Authorship 
999 |a 0001016425   |b Book   |c Adult Collection   |e Perbadanan Perpustakaan Awam Johor